| 000 | 02055nam a2200409 a 4500 | ||
|---|---|---|---|
| 001 | 0000367 | ||
| 003 | DO-SdBNP | ||
| 005 | 20180307092859.0 | ||
| 007 | 0000367 | ||
| 008 | 150602s2013 dr a 000 0 spa d | ||
| 020 | _a9789945444301 (. 1) | ||
| 020 | _a9789945495240 (v. 2) | ||
| 020 | _a9789945495216 (v. 3) | ||
| 040 |
_aBPMSU _bspa _cBPMSU |
||
| 092 |
_a372.21 _bC965p, 3 años 2013 |
||
| 100 | 1 | _aCuello del Orbe, Elisa Ysabel | |
| 245 | 1 | 0 |
_aPequeño tesoro 1 : _bnivel inicial - 3 años de edad / _cElisa Ysabel Cuello del Orbe ; ilustraciones Wi-Hen Fung, Henri Cid ; producción editorial María del Jesús de la Rosa. |
| 260 |
_aSanto Domingo : _bActualidad escolar 2000, _c2013. |
||
| 300 |
_av : _bil. ; _c22 cm. |
||
| 500 | _aEste libro ha sido realizado de acuerdo al curriculum vigente y ha sido sometido a la evaluación y aprobación del MINERD (Ministerio de Educación de República Dominicana) | ||
| 500 | _aPequeño tesoro 1 [nivel inicial - 3 años de edad ] es un cuaderno de trabajo integrado dirigido a niños (as) de edades comprendidas entre 3 y 4 años que presenta las actividades que debe realizar cada niños o niñas en edad escolar. | ||
| 500 | _aPequeño tesoro 1 esta acompañado de un módulo de grafomotricidad, un módulo de inglés y el libro del maestro. | ||
| 505 | 0 |
_tMi persona -- _tMi familia -- _t Mi comunidad local -- _tMi comunidad nacional _tLos alimentos _tLas plantas, los animales y la naturaleza -- _tEl planeta tierra y el universo -- |
|
| 650 |
_aEDUCACIÓN PREESCOLAR _zREPÚBLICA DOMINICANA |
||
| 650 | _aEDUCACIÓN DE NIÑOS | ||
| 650 | _aEDUCACIÓN EN LA PRIMERA INFANCIA | ||
| 650 | _aJARDINES INFANTILES | ||
| 650 |
_aEDUCACIÓN PREESCOLAR _xLIBROS DE TEXTO |
||
| 650 |
_aEDUCACIÓN PREESCOLAR _xESTUDIOS Y EJERCICIOS |
||
| 700 | 1 |
_aFung, Wi-Hen _eil. |
|
| 700 | 1 |
_aCid, Henri _eil. |
|
| 700 | 1 |
_aDel Jesús de la Rosa, María _edir. ed. |
|
| 910 | _a00144 | ||
| 942 |
_2ddc _cBK |
||
| 945 | _aRemanejado para la BNPHU / 2018 VM | ||
| 956 |
_aYngrid Lockward _b10 |
||
| 999 |
_c9998 _d9998 |
||